00319nam a2200109Ia 4500008004100000041000800041082001700049100003100066245004500097260003500142300003200177240624s9999 xx 000 0 und d aeng a658.4013 INT aINTERNATIONAL TRADE CENTRE aTOTAL QUALITY CONTROL AT ENTERPRISE LEVE c1986aGenevabD. L. Shah Trust aviii, : 141 : p. : cm. ; 24